Catálogo público

Identificación morfológica y molecular del barrenador de la guanabana en zonas productoras de Yucatán, México / (Record no. 220090)

MARC details
000 -CABECERA
campo de control de longitud fija 04496nam a22003137a 4500
003 - IDENTIFICADOR DEL NÚMERO DE CONTROL
campo de control OSt
005 - FECHA Y HORA DE LA ÚLTIMA TRANSACCIÓN
campo de control 20240826084415.0
007 - CAMPO FIJO DE DESCRIPCIÓN FÍSICA--INFORMACIÓN GENERAL
campo de control de longitud fija cr ||||||a|c|a
008 - DATOS DE LONGITUD FIJA--INFORMACIÓN GENERAL
campo de control de longitud fija 240819s2020 mx adb|fom||| 001 0 spa d
040 ## - FUENTE DE LA CATALOGACIÓN
Normas de descripción rda
100 1# - ENTRADA PRINCIPAL--NOMBRE DE PERSONA
Nombre de persona Cituk Chavez, Daniel Eduviges
9 (RLIN) 189458
245 10 - MENCIÓN DE TÍTULO
Título Identificación morfológica y molecular del barrenador de la guanabana en zonas productoras de Yucatán, México /
Mención de responsabilidad, etc. por Daniel Eduviges Cituk Chávez; director Samuel Ramírez Alarcón; asesor Dimas Mejía Sánchez; asesor Manuel Alejandro Tejeda Reyes; asesor Erika Janet Zamora Macorra
264 ## - PRODUCCIÓN, PUBLICACIÓN, DISTRIBUCIÓN, FABRICACIÓN Y COPYRIGHT
Producción, publicación, distribución, fabricación y copyright Chapingo, México :
Nombre del de productor, editor, distribuidor, fabricante El autor,
Fecha de producción, publicación, distribución, fabricación o copyright 2020.
300 ## - DESCRIPCIÓN FÍSICA
Extensión 1 recurso en línea (69 páginas):
Otras características físicas Ilustraciones, cuadros, gráficas, mapas
336 ## - TIPO DE CONTENIDO
Fuente rdacontent
Término de tipo de contenido texto
Código de tipo de contenido txt
337 ## - TIPO DE MEDIO
Fuente rdamedia
Nombre/término del tipo de medio computadora
Código del tipo de medio c
338 ## - TIPO DE SOPORTE
Fuente rdacarrier
Nombre/término del tipo de soporte recurso en línea
Código del tipo de soporte cr
502 ## - NOTA DE TESIS
Tipo de título Maestría en Ciencias en Protección Vegetal
Nombre de la institución que otorga el título Departamento de Enseñanza, Investigación y Servicio en Parasitología Agrícola,
Año de obtención del título 2020
Información miscelánea Maestría
504 ## - NOTA DE BIBLIOGRAFÍA, ETC.
Nota de bibliografía, etc. Incluye referencias bibliográficas: páginas 16-19, 33-34, 53-54
505 ## - NOTA DE CONTENIDO CON FORMATO
Nota de contenido con formato Contiene anexos en la página 35-36
520 ## - SUMARIO, ETC.
Sumario, etc. La identificación, caracterización morfológica y molecular del barrenador de la guanábana Oenomaus ortygnus es una herramienta que permitirá evitar pérdidas en la producción de guanábana Annona muricata L. A nivel nacional e internacional existen pocos trabajos publicados de carácter científico y tecnológico sobre esta plaga, específicamente en las 12 entidades productoras de México. Sin embargo, al no tener un manejo agronómico adecuado en las plantaciones comerciales ya es considerada como plaga primaria. Motivo por el cual el presente estudio inicio en julio 2018 y finalizó en septiembre 2019. Este se desarrolló en dos fases una de campo y laboratorio, la fase de campo se realizó en tres zonas productoras, en la comunidad de Yaaxhon Yucatán, el segundo en el Colegio de Postgraduados ubicado en Sihochac, Champotón, Campeche y finalmente en Aripacara, Brasil y consistió en la descripción del ciclo de vida y daños ocasionados al botón floral. Así mismo, se consideró como unidad total 30 cámaras cría con cuatro larvas cada una, dando un total de 120 larvas y se utilizaron 20 repeticiones por cada zona de producción, cada repetición lo integro un individuo. De acuerdo con los resultados obtenidos se logró describir el ciclo de vida de Oenomaus ortygnus Cramer a partir de huevo hasta la etapa adulta a nivel de laboratorio, lo cual comprendió un periodo de 27 a 31 días y el mayor daño se presentó en el estadio tres. En el segundo capítulo trata sobre la caracterización morfológica y molecular del barrenador de la guanábana, el material biológico colectado fue procedente de las tres zonas productoras mencionadas con anterioridad, se registraron fotografías de las principales características morfológicas (larva, pupa y adulto): la larva posee una placa pro torácica de forma romboidal dividida como característica distintiva, la pupa tiene la forma característica de la familia Lycaenidos presentando la cabeza y los apéndices hundidos en la parte ventral, mientras que el adulto macho presenta en el primer par de alas unas androconeas de color grisáceo, las alas del adulto macho son más brillantes que las de hembras. Así mismo, para la extracción del ADN se utilizó el método CTAB, posteriormente se amplificó el fragmento final del gen Citocromo Oxidasa I (COI) a 710 pares de bases. La secuencia del producto de PCR que se amplifico del gen COI a través de la extracción de ADNmt de Oenomaus ortygnus Cramer. concuerdan con las registradas en el GenBank, 2019, al obtener una similitud del 99% (652 pb) con respecto a la accesión de México y del 97% para la de Péru (639 pb). La reconstrucción del análisis filogenético permitió agrupar a las accesiones de Oenomaus ortygnus Cramer: PYucatan, LYucatan, 1AYucatan, 2AYucatan, 2ACampeche, 3ACampeche con la accesión reportada JX458738 O. ortygnus Cramer México, de igual manera la accesión JX458733 O. ortygnus Cramer Perú, se ajustaron a las accesiones 1ABrasil y 2ABrasil.
650 #4 - PUNTO DE ACCESO ADICIONAL DE MATERIA--TÉRMINO DE MATERIA
Término de materia o nombre geográfico como elemento de entrada Guanábana
Subdivisión general Plagas
9 (RLIN) 50998
700 1# - PUNTO DE ACCESO ADICIONAL--NOMBRE DE PERSONA
Nombre de persona Ramírez Alarcón, Samuel
9 (RLIN) 93848
Término indicativo de función/relación director
700 1# - PUNTO DE ACCESO ADICIONAL--NOMBRE DE PERSONA
Nombre de persona Mejía Sánchez, Dimas
9 (RLIN) 74288
Término indicativo de función/relación asesor
700 1# - PUNTO DE ACCESO ADICIONAL--NOMBRE DE PERSONA
Nombre de persona Tejeda Reyes, Manuel Alejandro
9 (RLIN) 112025
Término indicativo de función/relación asesor
700 1# - PUNTO DE ACCESO ADICIONAL--NOMBRE DE PERSONA
Nombre de persona Zamora Macorra, Erika janet
9 (RLIN) 123519
Término indicativo de función/relación asesor
856 ## - LOCALIZACIÓN Y ACCESO ELECTRÓNICOS
Identificador Uniforme del Recurso http://10.13.5.2/tesis/tm/2020_PA_Cituk_Chavez_DanielEduviges.pdf
Nota pública DESCARGAR PDF
942 ## - ELEMENTOS DE PUNTO DE ACCESO ADICIONAL (KOHA)
Fuente del sistema de clasificación o colocación Clasificación Universidad Autónoma Chapingo
Tipo de ítem Koha Tesis digital
Holdings
Estado de retiro Estado de pérdida Fuente del sistema de clasificación o colocación Estado dañado Restricciones de uso No para préstamo Código de colección Localización permanente Ubicación/localización actual Ubicación en estantería Fecha de adquisición Total de préstamos Signatura topográfica completa Fecha visto por última vez Precio válido a partir de Tipo de ítem Koha
    Clasificación Universidad Autónoma de Chapingo   Préstamo interno   Tesis digitales de Maestría Biblioteca Digital Biblioteca Digital En línea 19/08/2024   Tesis digital 19/08/2024 19/08/2024 Tesis digital